Metallica - All Songs on the Black Album Lightning Round - Statistics

General Stats
  • This quiz has been taken 22 times
  • The average score is 5 of 12
Answer Stats
Answer % Correct
Enter Sandman
93%
The Unforgiven
64%
Nothing Else Matter
57%
Holier Than Thou
43%
Sad but True
43%
The God that Failed
36%
Wherever I May Roam
36%
My Friend of Misery
29%
The Struggle Within
29%
Of Wolf and Man
21%
Don't Tread on Me
14%
Through the Never
14%
No matching quizzes found
Score Distribution
Percent of People with Each Score
Percentile by Number Answered
Your Score History
You have not taken this quiz